Music Quiz

Random Music or Lyrics Quiz

Guess The Lyrics - 30/4/11! Quiz Stats

Quiz not verified by Sporcle

Challenge
Share
Tweet
Embed
Score 0/122 Timer 08:00
0 Plays Today
% Correct
you
97.8%
you
97.8%
a
97.8%
you
97.8%
the
97.8%
the
97.8%
A
97.8%
the
97.8%
the
97.8%
the
97.8%
to
88.9%
to
88.9%
to
88.9%
to
88.9%
me
84.4%
me
84.4%
me
84.4%
in
82.2%
in
82.2%
your
80%
Are
73.3%
an
73.3%
my
68.9%
When
60%
When
60%
Can't
53.3%
what
53.3%
what
53.3%
if
51.1%
we're
48.9%
we're
48.9%
Why
46.7%
They
46.7%
will
46.7%
I'm
46.7%
all
46.7%
They
46.7%
They
46.7%
will
46.7%
it's
44.4%
I
44.4%
% Correct
I
44.4%
I
44.4%
don't
42.2%
with
42.2%
Don't
42.2%
Don't
42.2%
Don't
42.2%
don't
42.2%
by
37.8%
been
33.3%
Or
33.3%
us
33.3%
won't
31.1%
make
31.1%
Said
28.9%
Now
24.4%
you've
20%
think
20%
says
20%
think
20%
must
15.6%
call
15.6%
knows
13.3%
that's
13.3%
living
13.3%
living
13.3%
real
13.3%
knows
13.3%
bring
11.1%
times
11.1%
they'll
11.1%
bring
11.1%
times
11.1%
fight
8.9%
use
8.9%
talking
8.9%
offer
8.9%
use
8.9%
phone
6.7%
calls?
6.7%
future
6.7%
% Correct
while
6.7%
sing
6.7%
truth
6.7%
star
6.7%
future
6.7%
Bernie
4.4%
Rhodes
4.4%
argue
4.4%
record
4.4%
planning
4.4%
bootleg
4.4%
LP?
4.4%
threatened
4.4%
gangsters
4.4%
threatening
4.4%
corruption
4.4%
con
4.4%
tricks
4.4%
law
4.4%
commit
4.4%
crime?
4.4%
dread
4.4%
dread
4.4%
gangster
4.4%
Scarface!
4.4%
interrupt
4.4%
confiscate
4.4%
guitars
4.4%
catch-22
4.4%
overnight
4.4%
legal
4.4%
protection
4.4%
law
4.4%
commit
4.4%
crime
4.4%
dread
4.4%
gangster
4.4%
Bernie
4.4%
Rhodes
4.4%
argue
4.4%

You're not logged in!

Compare scores with friends on all Sporcle quizzes.
Join for Free
OR
Log In

You Might Also Like...

Show Comments

Extras

Created Apr 30, 2011SourceReportNominate
Tags:Lyrics Quiz

Top Quizzes Today


Score Distribution

Your Account Isn't Verified!

In order to create a playlist on Sporcle, you need to verify the email address you used during registration. Go to your Sporcle Settings to finish the process.

Report this User

Report this user for behavior that violates our Community Guidelines.

Details: